Members of Ateez - Statistics

General Stats
  • This quiz has been taken 166 times
  • The average score is 8 of 8
Answer Stats
Answer % Correct
Mingi
99%
San
99%
Seonghwa
99%
Yunho
99%
Jongho
98%
Yeosang
98%
Wooyoung
97%
Hongjoong
95%
No matching quizzes found
Score Distribution
Percent of People with Each Score
Percentile by Number Answered
Your Score History
You have not taken this quiz